000 00316nam a2200109Ia 4500
005 20251222154423.0
008 251222s9999||||xx |||||||||||||| ||spa||
082 _a261.1/S25V
245 0 _aNueva Evangelización, Promoción Humana, Cultura Cristiana:
264 _bComisión Episcopal de Acción Social
942 _cLIB
999 _c36097
_d36097